00379nam a2200121Ia 4500008004100000082001000041100004800051245002800099260006800127365000600195630002800201730002800229100415s9999 xx 000 0 und d b19916 aNatural Histoty Mueum Of Los Angles Country aContribution Of Science aCALIFORNIAc1985bNatural History Museum Of Los Angeles Country b0 aContribution Of Science aContribution Of Science